000 01414nam a2200349 a 4500
001 34756
003 BD-RjUL
005 20211209052215.0
008 140519s1991 nyu b 001 0 eng
020 _a0898625629 (acidfree paper)
020 _a0898624657 (pbk.)
035 _a(BD-RjUL)34850
040 _aDLC
_cDLC
_dDLC
_dBD-RjUL
_beng
041 _aeng
082 0 0 _a305.42
_220
_bWOM 1991
245 0 0 _aWomen's growth in connection :
_bwritings from the Stone Center /
_cJudith V. Jordan ... [et al.].
260 _aNew York :
_bGuilford Press,
_cc1991.
300 _ax, 310 p. ;
_c24 cm.
504 _aIncludes bibliographical references (p. 291-305) and index.
650 0 _aWomen
_xPsychology.
_967448
650 0 _aSelf-actualization (Psychology)
_93743
650 0 _aSelf.
_9105767
700 1 _aJordan, Judith V. ... [et al.].
_9105768
710 2 _aStone Center for Developmental Services and Studies.
_9105769
856 4 2 _3Contributor biographical information
_uhttp://www.loc.gov/catdir/bios/guilford051/91012093.html
856 4 2 _3Publisher description
_uhttp://www.loc.gov/catdir/description/guilford051/91012093.html
856 4 1 _3Table of contents only
_uhttp://www.loc.gov/catdir/enhancements/fy0609/91012093-t.html
856 4 1 _3Sample text
_uhttp://www.loc.gov/catdir/enhancements/fy0651/91012093-s.html
942 _2ddc
_cBK
999 _c34756
_d34756